NFL 2021 - Top 2 Runningbacks on Every Team - Statistics

General Stats
  • This quiz has been taken 455 times
  • The average score is 39 of 64
Answer Stats
Hint Answer % Correct
TEN Derrick Henry
93%
CLE Nick Chubb
93%
GB Aaron Jones
92%
CIN Joe Mixon
92%
TB Ronald Jones
92%
NE Damien Harris
89%
IND Johnathan Taylor
89%
PIT Najee Harris
89%
NYG Saquon Barkley
88%
DAL Ezekiel Elliott
87%
MIN Dalvin Cook
86%
CLE Kareem Hunt
86%
NO Alvin Kamara
84%
OAK Josh Jacobs
83%
KC Darrel Williams
82%
DET Jamaal Williams
82%
JAX James Robinson
81%
LAC Austin Ekeler
79%
CAR Christian McCaffrey
79%
BAL Gus Edwards
79%
DET DeAndre Swift
78%
TB Leonard Fournette
78%
ARI James Conner
76%
DAL Tony Pollard
76%
CHI David Montgomery
75%
PHI Miles Sanders
75%
BAL JK Dobbins
74%
BUF Devin Singletary
73%
KC Clyde Edwards Helaire
72%
SEA Chris Carson
71%
DEN Melvin Gordon
71%
WSH Antonio Gibson
67%
SF Raheem Mostert
67%
LAR Cam Akers
66%
GB AJ Dillon
65%
HOU Mark Ingram
63%
HOU David Johnson
62%
JAX Travis Etienne
55%
BUF Zack Moss
55%
LAR Darrel Henderson
54%
MIN Alexander Mattison
52%
MIA Myles Gaskin
52%
SEA Rasaad Penny
51%
IND Marlon Mack
49%
ATL Mike Davis
49%
CIN Samaje Perine
48%
NYJ LaMichael Perine
47%
ARI Chase Edmonds
45%
NE James White
45%
OAK Kenyan Drake
45%
PHI Boston Scott
41%
LAC Justin Jackson
41%
NO Latavius Murray
38%
WSH JD McKissic
36%
CHI Tarik Cohen
35%
PIT Benny Snell Jr.
34%
DEN Royce Freeman
34%
NYJ Tevin Coleman
25%
NYG Devontae Booker
24%
SF Jeff Wilson
24%
MIA Malcolm Brown
22%
TEN Jeremy McNichols
13%
ATL Qadree Ollison
4%
CAR Trenton Cannon
1%
No matching quizzes found
Score Distribution
Percent of People with Each Score
Percentile by Number Answered
Your Score History
You have not taken this quiz